[Event "1st WMSG Rapid Team"]
[Site "Beijing CHN"]
[Date "2008.10.14"]
[Round "2"]
[White "Likavsky,T"]
[Black "Shabalov,A"]
[Result "0-1"]
[WhiteElo "2498"]
[BlackElo "2585"]

1.d4 d5 2.c4 c6 3.Nf3 Nf6 4.e3 e6 5.b3 Ne4 6.Bd3 Bd6 7.O-O O-O 8.Qc2 f5 9.Ba3 Bxa3
10.Nxa3 Qe7 11.Qb2 b6 12.Nc2 Nd7 13.b4 Ba6 14.b5 dxc4 15.Bxc4 cxb5 16.Bxb5 Bxb5
17.Qxb5 Rac8 18.Rfc1 Rc7 19.Nce1 Nc3 20.Qb2 Rfc8 21.Nd3 Nf6 22.Nfe5 Nfd5
23.Kh1 Qe8 24.Qb3 Ne4 25.Rxc7 Rxc7 26.a4 Qc8 27.g3 a6 28.Kg1 h6 29.Qa3 Kh7
30.h4 Rc3 31.Qb2 a5 32.Qb5 Nd2 33.Qb2 Ne4 34.Qe2 Ndf6 35.Rb1 Rc2 36.Qe1 Nd5
37.Qd1 Nef6 38.Qe1 Qc7 39.Ra1 Nc3 40.Qf1 Nfe4 41.Qg2 Nd5 42.Qf3 Ndf6 43.Rd1 Ra2
44.Rc1 Qd8 45.Nc6 Qe8 46.Nce5 Rxa4 47.Rc7 Ra1+ 48.Kg2 Ra2 49.Rb7 Nd2 50.Qe2 Qa8
51.d5 Qxb7  0-1

[Event "1st WMSG Rapid Team"]
[Site "Beijing CHN"]
[Date "2008.10.15"]
[Round "4"]
[White "Shabalov,A"]
[Black "Leon Hoyos,M"]
[Result "1-0"]
[WhiteElo "2585"]
[BlackElo "2535"]

1.e4 c5 2.Nf3 g6 3.d4 cxd4 4.Qxd4 Nf6 5.e5 Nc6 6.Qa4 Nd5 7.Qe4 Ndb4 8.Bb5 a6
9.Bxc6 Nxc6 10.Bf4 Bg7 11.Nc3 O-O 12.O-O d6 13.Rad1 Bf5 14.Qe3 Bxc2 15.Rd2 Bf5
16.exd6 exd6 17.Bxd6 Re8 18.Qf4 Qa5 19.Rd5 Qb6 20.Na4 Qd8 21.Nc5 b6 22.Nb3 Qd7
23.h3 Rad8 24.Rd2 Re4 25.Qg3 Qb7 26.Rfd1 a5 27.Ba3 Rde8 28.Rd5 Ne5 29.Ng5 Re1+
30.Rxe1 Qxd5 31.f4 h6 32.fxe5 hxg5 33.Bd6 a4 34.Nc1 Qd2 35.b3 Rc8 36.Ne2 Rc2
37.bxa4 Rxa2 38.Nc3 Rc2 39.Ne4 Qd4+ 40.Qe3 Bxe5 41.Bxe5 Qxe5 42.Nxg5 Qd5
43.Nf3 Ra2 44.Qxb6 Bxh3 45.Qf6 Rxg2+ 46.Kh1 Qa8 47.Rd1 Kh7 48.Rd8  1-0

[Event "1st WMSG Rapid Team"]
[Site "Beijing CHN"]
[Date "2008.10.16"]
[Round "7"]
[White "Nguyen Anh Dung"]
[Black "Shabalov,A"]
[Result "1-0"]
[WhiteElo "2496"]
[BlackElo "2585"]

1.e4 c5 2.Nf3 Nc6 3.d4 cxd4 4.Nxd4 Nf6 5.Nc3 e5 6.Ndb5 d6 7.Bg5 a6 8.Na3 b5
9.Bxf6 gxf6 10.Nd5 Bg7 11.c3 f5 12.exf5 Bxf5 13.Nc2 O-O 14.Nce3 Be6 15.g3 f5
16.Bg2 Rc8 17.O-O Kh8 18.Qh5 Ne7 19.Rad1 Rc5 20.Rd2 Ng6 21.Rfd1 f4 22.Be4 fxe3
23.Bxg6 exf2+ 24.Rxf2 Bg8 25.Rxf8 Qxf8 26.Be4 a5 27.a3 Rc4 28.Bd3 Rc5 29.Be4 Rc4
30.Rf1 Qd8 31.Qf5 Rc5 32.Rd1 Rc4 33.Kg2 Rc5 34.Ne3 Bh6 35.Ng4 Bg7 36.Ne3 Bh6
37.Qf3 Qg5 38.Nf5 d5 39.Nxh6 dxe4 40.Qf8 Rc7 41.Rd8 Rg7 42.Qxg8+  1-0

[Event "1st WMSG Rapid Team"]
[Site "Beijing CHN"]
[Date "2008.10.16"]
[Round "9"]
[White "Miezis,N"]
[Black "Shabalov,A"]
[Result "0-1"]
[WhiteElo "2552"]
[BlackElo "2585"]

1.c4 e6 2.e4 c5 3.Nc3 Nc6 4.f4 g6 5.Nf3 Bg7 6.d3 Nge7 7.Be2 O-O 8.h4 h5 9.Be3 b6
10.d4 d5 11.e5 Nf5 12.Bf2 cxd4 13.Nxd4 Ncxd4 14.Bxd4 dxc4 15.Bf2 Bb7 16.O-O Qe7
17.Qc2 Rfd8 18.Bxc4 Nxh4 19.Bxh4 Qxh4 20.Bd3 Bf8 21.Na4 Rac8 22.Qb3 Qg3  0-1

[Event "Eastern Class Ch"]
[Site "Sturbridge USA"]
[Date "2009.03.07"]
[Round "2"]
[White "Shabalov,A"]
[Black "Shmeliov,D"]
[Result "1-0"]
[WhiteElo "2578"]
[BlackElo "2340"]

1.e4 e6 2.d4 d5 3.Nc3 Bb4 4.e5 c5 5.a3 Bxc3+ 6.bxc3 Ne7 7.Qg4 O-O 8.Bd3 f5
9.exf6 Rxf6 10.Bg5 Rf7 11.Qh5 g6 12.Qd1 Nbc6 13.Nf3 Qf8 14.O-O c4 15.Be2 h6
16.Bc1 Qg7 17.a4 Bd7 18.Qd2 Kh7 19.Ba3 g5 20.Bd6 Qg6 21.Qd1 g4 22.Nh4 Qf6
23.Bg3 Nf5 24.Nxf5 exf5 25.f3 f4 26.fxg4 Qd6 27.h3 Raf8 28.Bh2 Nd8 29.Bf3 Ne6
30.h4 Ng7 31.Qd2 Bc6 32.Rfe1 Qf6 33.Qf2 Re8 34.a5 Re4 35.Rad1 Qe6 36.Bxe4+ dxe4
37.d5 Bxd5 38.Bxf4 Qxg4 39.Rxd5 Rxf4 40.Qe2 Qg3 41.Qe3 Qxh4 42.Rf1 Rxf1+
43.Kxf1 Qh1+ 44.Kf2 Qh4+ 45.Kg1 Ne6 46.Qf2 Qg4 47.Qf7+ Ng7 48.Rd8 Qg3 49.Rd7 Qe1+
50.Qf1 Qe3+ 51.Qf2 Qc1+ 52.Kh2 Qg5 53.Rd4 Qe5+ 54.g3 e3 55.Qf3 Kg8 56.Qd5+ Qxd5
57.Rxd5 Ne6 58.Re5 Kf7 59.Rxe3 b6 60.axb6 axb6 61.Re4  1-0

[Event "PWC Open"]
[Site "Toronto CAN"]
[Date "2009.04.17"]
[Round "1"]
[White "Bluvshtein,I"]
[Black "Shabalov,A"]
[Result "0-1"]
[WhiteElo "2099"]
[BlackElo "2569"]

1.e4 c5 2.Nf3 d6 3.d4 cxd4 4.Nxd4 Nf6 5.Nc3 a6 6.Bg5 e6 7.f4 Qc7 8.Bxf6 gxf6
9.Qh5 Qc5 10.Qxc5 dxc5 11.Nb3 Bd6 12.g3 Ke7 13.O-O-O Nd7 14.Bg2 Rb8 15.Rhe1 Bc7
16.Nd5+ exd5 17.exd5+ Kf8 18.d6 Bd8 19.Re2 Kg7 20.Rde1 Rf8 21.Re8 b6 22.Bc6 f5
23.a4 Nf6 24.R8e5 Be6 25.Nd2 Ne8 26.Bxe8 Rxe8 27.Rxf5 Bf6  0-1

[Event "PWC Open"]
[Site "Toronto CAN"]
[Date "2009.04.18"]
[Round "2"]
[White "Shabalov,A"]
[Black "Zenyuk,I"]
[Result "1/2-1/2"]
[WhiteElo "2569"]
[BlackElo "2305"]

1.Nf3 Nf6 2.g3 g6 3.b3 Bg7 4.Bb2 O-O 5.Bg2 d6 6.d4 e5 7.dxe5 Nfd7 8.Nbd2 dxe5
9.Nc4 Nc6 10.O-O Re8 11.a4 a5 12.Qd2 h6 13.Rad1  1/2-1/2

[Event "PWC Open"]
[Site "Toronto CAN"]
[Date "2009.04.18"]
[Round "3"]
[White "Khoudgarian,N"]
[Black "Shabalov,A"]
[Result "0-1"]
[WhiteElo "2137"]
[BlackElo "2569"]

1.e4 c5 2.Nf3 d6 3.c3 Nf6 4.Be2 g6 5.O-O Bg7 6.Re1 O-O 7.Bf1 Bg4 8.h3 Bxf3
9.Qxf3 Nc6 10.d3 Rc8 11.Be3 Nd7 12.Qd1 b5 13.d4 b4 14.a3 bxc3 15.bxc3 Rb8
16.Ra2 Qc7 17.a4 cxd4 18.cxd4 Nb4 19.Rb2 a5 20.Na3 Nb6 21.Nb5 Qd7 22.Qb3 d5
23.e5 Rfc8 24.Rc1 Rxc1 25.Bxc1 Rc8 26.Bg5 Nc4 27.Rb1 Qf5 28.Bc1 f6 29.exf6 Bxf6
30.Be2 h5 31.Na7 Bxd4 32.Be3 Bxa7 33.Bxa7 Nd2  0-1

[Event "PWC Open"]
[Site "Toronto CAN"]
[Date "2009.04.19"]
[Round "4"]
[White "Shabalov,A"]
[Black "Milicevic,G"]
[Result "0-1"]
[WhiteElo "2569"]
[BlackElo "2280"]

1.e4 e6 2.d4 d5 3.e5 c5 4.c3 Nc6 5.Nf3 Qb6 6.a3 c4 7.Nbd2 Na5 8.h4 Bd7 9.h5 f5
10.exf6 gxf6 11.g3 Nh6 12.Bh3 O-O-O 13.O-O Rg8 14.Re1 e5 15.Bxd7+ Rxd7 16.Nh4 e4
17.Rb1 f5 18.b4 Qf6 19.Ng2 Nc6 20.Nf1 Bd6 21.Bf4 Ng4 22.Qa4 Bxf4 23.Nxf4 b6
24.Qa6+ Kb8 25.a4 Qd6 26.a5 Nxf2 27.Kxf2 Rxg3 28.Nxd5 Rf3+ 29.Ke2 Qxd5 30.Ne3 Nxd4+  0-1

[Event "Continental ch-Americas"]
[Site "Sao Paulo BRA"]
[Date "2009.07.25"]
[Round "1"]
[White "Bispo,L"]
[Black "Shabalov,A"]
[Result "0-1"]
[WhiteElo "2129"]
[BlackElo "2580"]

1.d4 Nf6 2.c4 g6 3.Nf3 Bg7 4.g3 O-O 5.Bg2 d6 6.O-O a6 7.b3 b5 8.Nc3 c6 9.Bb2 Nbd7
10.cxb5 axb5 11.Ng5 Ra6 12.Qd2 Bb7 13.Nge4 Nxe4 14.Nxe4 Qa8 15.Rfd1 c5 16.Bf3 cxd4
17.Bxd4 Rc8 18.Qd3 e5 19.Bb2 d5 20.Bg2 b4 21.Ng5 h6 22.Nh3 d4 23.Bxb7 Qxb7
24.f3 Nc5 25.Qb1 d3 26.e4 f5 27.Nf2 fxe4 28.fxe4 Rd6 29.Nxd3 Nxe4 30.Nf2 Nxf2
31.Kxf2 Rf6+ 32.Kg1 Qb6+ 33.Kh1 Rf2  0-1

[Event "Continental ch-Americas"]
[Site "Sao Paulo BRA"]
[Date "2009.07.26"]
[Round "2"]
[White "Shabalov,A"]
[Black "Espinoza Palomino,W"]
[Result "1-0"]
[WhiteElo "2580"]
[BlackElo "2272"]

1.e4 e5 2.Nf3 Nc6 3.Bb5 a6 4.Ba4 Nf6 5.O-O Be7 6.Re1 b5 7.Bb3 d6 8.c3 O-O
9.h3 Na5 10.Bc2 c5 11.d4 Qc7 12.Nbd2 cxd4 13.cxd4 Nc6 14.a3 Bd7 15.Nb3 Rfc8
16.Bd3 exd4 17.Nbxd4 Ne5 18.Bf4 Re8 19.Rc1 Qb8 20.Bb1 h6 21.Ba2 Bd8 22.Bg3 Bb6
23.Nxe5 dxe5 24.Nc6 Bxc6 25.Rxc6 Ra7 26.Qf3 Bd4 27.Rec1 b4 28.Bh4 Nh7 29.axb4 Nf8
30.R1c2 Rd7 31.Qg4 Rd6 32.Bf6 g6 33.Qh4 Kh7 34.Bxf7 Rxc6 35.Rxc6 Rc8 36.Bg5  1-0

[Event "Continental ch-Americas"]
[Site "Sao Paulo BRA"]
[Date "2009.07.26"]
[Round "3"]
[White "Prasca Sosa,R"]
[Black "Shabalov,A"]
[Result "1/2-1/2"]
[WhiteElo "2414"]
[BlackElo "2580"]

1.e4 c5 2.Nf3 Nc6 3.d4 cxd4 4.Nxd4 Nf6 5.Nc3 e5 6.Ndb5 d6 7.Bg5 a6 8.Na3 b5
9.Nd5 Be7 10.Bxf6 Bxf6 11.c4 Nd4 12.cxb5 Be6 13.Bc4 axb5 14.Bxb5+ Kf8 15.Bc4 Qa5+
16.Qd2 Bd8 17.Qxa5 Bxa5+ 18.Kf1 g6 19.Ne3 Kg7 20.Bxe6 fxe6 21.g3 Bb4 22.Nac2 Bc5
23.Kg2 Ra4 24.b3 Nxc2 25.Nxc2 Rxe4 26.Rhe1 Rxe1 27.Rxe1 Rc8 28.Re2 Ba7 29.Nb4 Kf6
30.Rc2 Rxc2 31.Nxc2 e4 32.Nb4 e3 33.fxe3 Bxe3 34.Nc6 g5 35.Kf3  1/2-1/2

[Event "Continental ch-Americas"]
[Site "Sao Paulo BRA"]
[Date "2009.07.27"]
[Round "4"]
[White "Shabalov,A"]
[Black "Espinosa Flores,R"]
[Result "1-0"]
[WhiteElo "2580"]
[BlackElo "2401"]

1.d4 Nf6 2.c4 c5 3.d5 e6 4.Nc3 exd5 5.cxd5 d6 6.Nf3 g6 7.Nd2 Bg7 8.e4 O-O
9.Be2 Na6 10.O-O Nc7 11.a4 b6 12.Re1 Re8 13.h3 a6 14.Bf1 Rb8 15.Rb1 b5 16.axb5 axb5
17.b4 Nd7 18.Bb2 cxb4 19.Na2 Bxb2 20.Rxb2 Qf6 21.Rb1 Nc5 22.Nxb4 Bd7 23.Qc2 N7a6
24.Nxa6 Nxa6 25.Nb3 Rec8 26.Qd2 Nc5 27.Nd4 Re8 28.f3 Rb6 29.Nxb5 Reb8 30.Nc3 Rxb1
31.Rxb1 Rb3 32.Rxb3 Nxb3 33.Qe3 Nc5 34.f4 h5 35.g3 h4 36.e5 Qe7 37.gxh4 Qxh4
38.exd6 Nb7 39.Bb5 Bxh3 40.d7 Qg4+ 41.Kf2 Qg2+ 42.Ke1  1-0

[Event "Continental ch-Americas"]
[Site "Sao Paulo BRA"]
[Date "2009.07.28"]
[Round "5"]
[White "Perez Rodriguez,L"]
[Black "Shabalov,A"]
[Result "1/2-1/2"]
[WhiteElo "2512"]
[BlackElo "2580"]

1.e4 c5 2.Nf3 d6 3.d4 cxd4 4.Nxd4 Nf6 5.Nc3 g6 6.Be3 Bg7 7.f3 Nc6 8.Qd2 O-O
9.O-O-O d5 10.Kb1 Nxd4 11.e5 Nf5 12.exf6 exf6 13.Bc5  1/2-1/2

[Event "Continental ch-Americas"]
[Site "Sao Paulo BRA"]
[Date "2009.07.31"]
[Round "8"]
[White "Shabalov,A"]
[Black "Vescovi,G"]
[Result "1-0"]
[WhiteElo "2580"]
[BlackElo "2631"]

1.e4 e5 2.Nf3 Nc6 3.Bb5 a6 4.Ba4 Nf6 5.O-O Be7 6.Re1 b5 7.Bb3 O-O 8.c3 d5
9.exd5 Nxd5 10.Nxe5 Nxe5 11.Rxe5 c6 12.d4 Bd6 13.Re1 Qh4 14.g3 Qh3 15.Re4 g5
16.Qf1 Qh5 17.Nd2 f5 18.Bd1 Qh6 19.Re1 f4 20.Ne4 Bh3 21.Qe2 Rae8 22.Qh5 Qxh5
23.Bxh5 Re6 24.Bd2 Be7 25.g4 f3 26.Nxg5 Rxe1+ 27.Rxe1 Bxg5 28.Bxg5 b4 29.cxb4 Nf4
30.Bxf4 Rxf4 31.g5 Bg4 32.Bxg4 Rxg4+ 33.Kf1 Rxd4 34.a3 Kf7 35.Rc1 Rd2 36.Kg1 Kg6
37.Rxc6+ Kxg5 38.h3 Rxb2 39.Rxa6 h5 40.Rc6 Rb3 41.Rc5+ Kg6 42.h4 Rxa3 43.Kh2 Rb3
44.Rg5+ Kh6 45.b5 Rd3 46.Rg8 Rd4 47.Kh3 Ra4 48.b6 Rb4 49.Kg3 Kh7 50.Rb8 Kg7
51.Kxf3 Rxh4 52.b7  1-0

[Event "Continental ch-Americas"]
[Site "Sao Paulo BRA"]
[Date "2009.08.01"]
[Round "9"]
[White "Milos,G"]
[Black "Shabalov,A"]
[Result "1/2-1/2"]
[WhiteElo "2589"]
[BlackElo "2580"]

1.e4 c5 2.Nf3 d6 3.d4 cxd4 4.Nxd4 Nf6 5.Nc3 g6 6.Be3 Bg7 7.f3 O-O 8.Qd2 Nc6
9.Bc4 Bd7 10.O-O-O Rc8 11.Bb3 Ne5 12.Kb1 Re8 13.Bh6 Bh8 14.h4 Nc4 15.Qd3 b5
16.h5 Qb6 17.hxg6 hxg6 18.g4 e6 19.Qf1 Nd5 20.exd5 Bxd4 21.Qh3 Nxb2 22.Rxd4 Qxd4
23.Bc1 Rxc3 24.Qh7+ Kf8 25.Bh6+ Ke7 26.Bg5+ Kf8  1/2-1/2

[Event "110th US Open"]
[Site "Indianapolis USA"]
[Date "2009.08.04"]
[Round "4"]
[White "Shabalov,A"]
[Black "Boas,T"]
[Result "1-0"]
[WhiteElo "2580"]
[BlackElo "2183"]


1.d4 d5 2.c4 c6 3.Nc3 dxc4 4.Nf3 Nf6 5.a4 Bf5 6.Ne5 Nbd7 7.Nxc4 Nb6 8.Ne5 a5
9.g3 e6 10.Bg2 Bb4 11.O-O O-O 12.e3 Nfd7 13.e4 Nxe5 14.exf5 Ned7 15.fxe6 fxe6
16.Na2 Bd6 17.Qb3 Qf6 18.Bd2 Qf7 19.Bh3 Rfe8 20.Rad1 e5 21.Qxf7+ Kxf7 22.Be3 Rad8
23.Nc3 e4 24.d5 c5 25.Be6+ Kg6 26.Nxe4 Be5 27.f4  1-0

[Event "110th US Open"]
[Site "Indianapolis USA"]
[Date "2009.08.05"]
[Round "5"]
[White "Tuhrim,R"]
[Black "Shabalov,A"]
[Result "0-1"]
[WhiteElo "2042"]
[BlackElo "2580"]


1.e4 Nf6 2.Nc3 d5 3.e5 Nfd7 4.d4 c5 5.f4 cxd4 6.Qxd4 e6 7.Be3 Nc6 8.Qd2 Bb4
9.Nf3 f6 10.exf6 Nxf6 11.Bd3 O-O 12.a3 Ba5 13.O-O-O Bd7 14.Rhg1 Rc8 15.g4 d4
16.Nxd4 Nd5 17.Nde2 Nce7 18.Bd4 Rf7 19.Rg3 Qf8 20.Rf1 g6 21.Be4 Bc6 22.Bd3 Bc7
23.Be3 Rd8 24.Nd4 Nxe3 25.Qxe3 Rxf4 26.Qxe6+ Kh8 27.Re1 Rfxd4 28.Qxe7 Qxe7
29.Rxe7 Bxg3 30.hxg3 Rxg4 31.Ne2 Re8 32.Rf7 Be4 33.Bxe4 Rgxe4 34.Nf4 R4e7
35.Rf6 Rd7 36.Ne6 Rd6  0-1

[Event "110th US Open"]
[Site "Indianapolis USA"]
[Date "2009.08.07"]
[Round "7"]
[White "Mulyar,M"]
[Black "Shabalov,A"]
[Result "1-0"]
[WhiteElo "2390"]
[BlackElo "2580"]


1.d4 Nf6 2.Nf3 g6 3.c4 Bg7 4.g3 O-O 5.Bg2 d6 6.O-O a6 7.Nc3 Nc6 8.Nd5 Nh5
9.Be3 e6 10.Nc3 f5 11.d5 exd5 12.Bg5 Qd7 13.cxd5 Ne5 14.Nxe5 Bxe5 15.Bh6 Rf7
16.e3 Qe7 17.Rc1 Bd7 18.Re1 Re8 19.f4 Bg7 20.Bxg7 Nxg7 21.Qd4 g5 22.Re2 h6
23.Bf3 Bc8 24.b4 h5 25.Rce1 Qd8 26.fxg5 Qxg5 27.Nd1 Bd7 28.Nf2 Qh6 29.Nh3 f4
30.Nxf4 h4 31.e4 Re5 32.Qd2 Ne8 33.Rg2 Kh7 34.Bd1 Nf6 35.Bc2 Kh8 36.Qc3 hxg3
37.Qxg3 Ng4 38.Nd3 Re8 39.e5 dxe5 40.h3  1-0

[Event "110th US Open"]
[Site "Indianapolis USA"]
[Date "2009.08.08"]
[Round "8"]
[White "Shabalov,A"]
[Black "Rupel,D"]
[Result "1-0"]
[WhiteElo "2580"]
[BlackElo "2108"]


1.e4 c6 2.d4 d5 3.e5 Na6 4.Be3 Bf5 5.c3 Nc7 6.Nd2 Qd7 7.Be2 h6 8.Ngf3 e6
9.O-O Ne7 10.Nb3 Bh7 11.g4 b6 12.a4 g5 13.Ne1 Ng6 14.Ng2 Be7 15.Qd2 a5 16.Nc1 f5
17.exf6 Bxf6 18.Nd3 Qg7 19.f4 Nh4 20.Nxh4 Bxd3 21.Bxd3 gxh4 22.h3 Kd7 23.Rf2 Raf8
24.Rb1 Ne8 25.f5 exf5 26.Bxf5+ Kc7 27.Bf4+ Kb7 28.Qd3 Bg5 29.Be5 Nf6 30.b4 axb4
31.cxb4 h5 32.b5 Qh6 33.bxc6+ Ka7 34.a5 b5 35.Qxb5 Rh7 36.Qb6+  1-0

[Event "110th US Open"]
[Site "Indianapolis USA"]
[Date "2009.08.09"]
[Round "9"]
[White "Lugo,Bl"]
[Black "Shabalov,A"]
[Result "0-1"]
[WhiteElo "2380"]
[BlackElo "2580"]


1.e4 c5 2.Nf3 Nc6 3.Bb5 e6 4.O-O Nge7 5.Nc3 a6 6.Bxc6 Nxc6 7.d4 cxd4 8.Nxd4 Qc7
9.Nxc6 Qxc6 10.Re1 b5 11.Bf4 Bb7 12.a4 b4 13.Nd5 O-O-O 14.c4 Bc5 15.Rc1 Rhe8
16.Qd2 a5 17.Nc7 g5 18.Bg3 f5 19.Nxe8 f4 20.Nf6 Rf8 21.Bxf4 gxf4 22.Qxd7+ Qxd7
23.Nxd7 Kxd7 24.Rcd1+ Kc7 25.Rd3 Bc6 26.b3 e5 27.Kf1 Bd4 28.f3 Kb6 29.g4 Kc5
30.h4 Rb8 31.Ke2 Bxa4 32.bxa4 b3 33.Rb1 Kxc4 34.g5 Rb4 35.h5 Rxa4 36.Rdxb3 Ra2+
37.Kd1 Rg2 38.g6 hxg6 39.Ra3 gxh5 40.Rxa5 Rg1+ 41.Kc2 Rxb1 42.Kxb1 Kd3 43.Ra8 Ke2
44.Kc2 Kxf3 45.Kd3 h4 46.Rh8 Bf2 47.Rh5 Bg3 48.Rxe5 Kg2 49.Rb5 f3 50.Rb1 h3
51.Ke3 h2 52.Rd1 Bf2+  0-1

[Event "World Cup"]
[Site "Khanty-Mansiysk RUS"]
[Date "2009.11.23"]
[Round "1.4"]
[White "Baklan,V"]
[Black "Shabalov,A"]
[Result "0-1"]
[WhiteElo "2655"]
[BlackElo "2606"]

1.e4 c5 2.Nf3 d6 3.d4 cxd4 4.Nxd4 Nf6 5.Nc3 g6 6.Be3 Bg7 7.f3 O-O 8.Qd2 Nc6
9.O-O-O d5 10.exd5 Nxd5 11.Nxc6 bxc6 12.Bd4 Bxd4 13.Qxd4 Qb6 14.Na4 Qa5 15.b3 Rb8
16.a3 Bf5 17.g4 Be6 18.Bc4 Rfd8 19.Qe5 Rd6 20.Rhe1 Rbd8 21.Kb2 f6 22.Qg3 Kf8
23.Rd3 Bf7 24.Qf2 Nf4 25.Rxd6 Rxd6 26.Qe3 e5 27.Bxf7 Kxf7 28.Rc1 Qd2 29.Qxd2 Rxd2
30.Nc5 Rxh2 31.Rd1 Nd5 32.b4 Ke8 33.Kb3 Rh3 34.Rd3 h5 35.gxh5 gxh5 36.Ne4 Ke7
37.a4 Nf4 38.Re3 h4 39.b5 cxb5 40.axb5 Rh1 41.Kc4 Ra1 42.Nf2 h3 43.Nxh3 Nxh3
44.Kd5 Nf4+ 45.Kc6 Ra4 46.Rc3 Ne2 47.Rc5 Nd4+ 48.Kb7 Kd6 49.Rc8 Nxb5  0-1

[Event "9th Aeroflot Open A"]
[Site "Moscow RUS"]
[Date "2010.02.17"]
[Round "9"]
[White "Shabalov,A"]
[Black "Ajrapetjan,Y"]
[Result "1-0"]
[WhiteElo "2611"]
[BlackElo "2525"]

1.d4 Nf6 2.c4 e6 3.Nc3 Bb4 4.Qc2 O-O 5.e4 d6 6.Bd3 Nc6 7.Ne2 Ba5 8.Bg5 h6
9.Bh4 e5 10.O-O-O Bxc3 11.bxc3 g5 12.Bg3 Nh5 13.f3 b6 14.Bf2 Na5 15.h4 c5
16.hxg5 Qxg5+ 17.Qd2 Qxd2+ 18.Kxd2 Nf6 19.Rxh6 Kg7 20.Rdh1 Be6 21.d5 Bd7
22.g4 Rh8 23.g5 Rxh6 24.Rxh6 Ng8 25.Rxd6 Ba4 26.f4 exf4 27.Nxf4 Nb7 28.Nh5+ Kh8
29.Bg3 Nxd6 30.Bxd6 Bd7 31.e5 Bg4 32.Nf6 Nxf6 33.exf6 b5 34.Ke3 a6 35.Be7 Bd7
36.Kf4 bxc4 37.Bxc4 Bb5 38.Bb3 c4 39.Bc2 Be8 40.Bf5 Rb8 41.d6 Rb5 42.Bc8 Rd5
43.Bxa6 Rd3 44.Bxc4 Rxc3 45.Bd5 Kg8 46.g6 Rd3 47.d7  1-0

[Event "Philadelphia Open"]
[Site "Philadelphia USA"]
[Date "2010.03.31"]
[Round "1"]
[White "Wu,Christopher"]
[Black "Shabalov,A"]
[Result "0-1"]
[WhiteElo "2143"]
[BlackElo "2587"]

1.e4 e5 2.Nf3 Nc6 3.Bc4 Nf6 4.d3 Bc5 5.O-O a6 6.c3 Ba7 7.Bb3 d6 8.Be3 O-O
9.Nbd2 Ne7 10.Bxa7 Rxa7 11.d4 Ng6 12.Bc2 Be6 13.Re1 Ra8 14.Nf1 c6 15.h3 Qb6
16.Bb3 Rfe8 17.Ng3 Rad8 18.Qc2 exd4 19.cxd4 d5 20.e5 Nd7 21.Rac1 f6 22.h4 fxe5
23.h5 Ngf8 24.dxe5 Qb4 25.Qd2 Qxd2 26.Nxd2 g5 27.Nf3 g4 28.Nd4 Bf7 29.Ndf5 Nxe5
30.Nh6+ Kg7 31.Ngf5+ Kf6 32.Ng3 Nfd7 33.Bc2 Be6 34.Nhf5 Bxf5 35.Nxf5 Nc5
36.Rcd1 Ne6 37.Kh2 Nf4 38.Nh6 Nxh5 39.Rxe5 Kxe5 40.Nf7+ Kf6 41.Nxd8 Rxd8
42.Bxh7 Re8 43.Rd2 Nf4 44.Kg3 Kg5 45.f3 Nh5+ 46.Kf2 g3+ 47.Kf1 Nf4 48.Bc2 Rh8
49.Kg1 Rh2 50.b4 Nh3+ 51.Kf1 Rh1+ 52.Ke2 Nf4+ 53.Ke3 Rg1 54.a4 Nxg2+ 55.Kd4 Nh4
56.Kc5 g2 57.Kb6 Rc1 58.Rxg2+ Nxg2 59.Bd3 Nh4 60.Bxa6 bxa6 61.Kxa6 d4  0-1

[Event "Philadelphia Open"]
[Site "Philadelphia USA"]
[Date "2010.04.01"]
[Round "2"]
[White "Shabalov,A"]
[Black "Thaler,Mi"]
[Result "1/2-1/2"]
[WhiteElo "2587"]
[BlackElo "2273"]

1.e4 c5 2.Nf3 e6 3.d4 cxd4 4.Nxd4 a6 5.Bd3 Qc7 6.c4 Nf6 7.O-O d6 8.b3 g6
9.Nc3 Nbd7 10.Bg5 Bg7 11.Rc1 b6 12.Kh1 Bb7 13.b4 O-O 14.f4 Rac8 15.Nb3 Qb8
16.a4 Ba8 17.Qe2 Rfe8 18.Bh4 Nd5 19.cxd5 Rxc3 20.dxe6 Rxe6 21.Nd2 Qc7 22.Qd1 a5
23.bxa5 bxa5 24.Bc4 Re8 25.Rxc3 Bxc3 26.Qc2 d5 27.Bxd5 Bxd5 28.exd5 Re2 29.Be1 Qc5
30.Qd1 Qe3 31.Nf3 Bxe1 32.Rxe1 Rxe1+ 33.Nxe1  1/2-1/2

[Event "Philadelphia Open"]
[Site "Philadelphia USA"]
[Date "2010.04.02"]
[Round "4"]
[White "Shabalov,A"]
[Black "Bartholomew,J"]
[Result "0-1"]
[WhiteElo "2587"]
[BlackElo "2447"]

1.d4 d5 2.c4 c6 3.Nc3 dxc4 4.e4 b5 5.a4 b4 6.Nb1 Ba6 7.Be3 Nf6 8.f3 e6 9.Ne2 c5
10.Nd2 Nc6 11.dxc5 Nd7 12.Nd4 Nxd4 13.Bxd4 Bxc5 14.Nxc4 O-O 15.Be2 Qg5 16.Bxc5 Nxc5
17.O-O Rfd8 18.Qc2 Bxc4 19.Qxc4 Qe3+ 20.Kh1 Nb3  0-1

[Event "111th US Open"]
[Site "Irvine USA"]
[Date "2010.08.05"]
[Round "?"]
[White "Shabalov,A"]
[Black "Faber,C"]
[Result "1-0"]
[WhiteElo "2578"]
[BlackElo "2113"]

1.d4 f5 2.g3 d6 3.Nf3 Nf6 4.Bg2 g6 5.b4 Bg7 6.Bb2 Ne4 7.O-O Nd7 8.Nbd2 Ndf6
9.c4 Nxd2 10.Qxd2 O-O 11.Rad1 Ne4 12.Qc2 e6 13.Ne1 d5 14.Nd3 c6 15.a4 Qe7
16.b5 dxc4 17.Qxc4 Nd6 18.Qb4 cxb5 19.axb5 Qd7 20.d5 e5 21.Bxe5 Nxb5 22.d6 Rd8
23.Bxg7 Kxg7 24.Nc5 Qe8 25.Qb2+  1-0

[Event "111th US Open"]
[Site "Irvine USA"]
[Date "2010.08.05"]
[Round "?"]
[White "Huang,V"]
[Black "Shabalov,A"]
[Result "0-1"]
[WhiteElo "2063"]
[BlackElo "2578"]

1.e4 c5 2.Nf3 d6 3.c3 Nf6 4.Be2 Nbd7 5.d3 b6 6.O-O Bb7 7.Bf4 g6 8.Nbd2 Bg7
9.Re1 O-O 10.Bf1 Re8 11.d4 cxd4 12.cxd4 e5 13.dxe5 dxe5 14.Bg5 h6 15.Bh4 Nc5
16.Bb5 Re7 17.Re3 g5 18.Bg3 Nfxe4 19.Nxe4 Nxe4 20.Qe1 Nxg3 21.Rd1 Qc8 22.fxg3 e4
23.Re2 Qc5+ 24.Qf2 Qxb5 25.Nd4 Bxd4  0-1

[Event "111th US Open"]
[Site "Irvine USA"]
[Date "2010.08.06"]
[Round "?"]
[White "Shabalov,A"]
[Black "Gurevich,Dmitry"]
[Result "1/2-1/2"]
[WhiteElo "2578"]
[BlackElo "2578"]

1.c4 c6 2.d4 d5 3.cxd5 cxd5 4.Nc3 Nf6 5.Bf4 Nc6 6.Nf3 Bf5 7.e3 e6 8.Bd3 Bxd3
9.Qxd3 Bd6 10.Bxd6 Qxd6  1/2-1/2

[Event "111th US Open"]
[Site "Irvine USA"]
[Date "2010.08.07"]
[Round "8"]
[White "Shabalov,A"]
[Black "Ramirez,Alej"]
[Result "0-1"]
[WhiteElo "2578"]
[BlackElo "2562"]

1.d4 d5 2.c4 c6 3.Nc3 Nf6 4.e3 a6 5.Qc2 e6 6.b3 c5 7.dxc5 Bxc5 8.Nf3 O-O
9.cxd5 exd5 10.Be2 Nc6 11.O-O Qe7 12.Bb2 Rd8 13.Rad1 Ba7 14.Qb1 Bg4 15.Rfe1 Bh5
16.Nh4 Bxe2 17.Nf5 Qe6 18.Nxe2 Ne7 19.Ned4 Qd7 20.Ng3 Rac8 21.Nf3 Qc6 22.Ba3 Qe6
23.Ng5 Qe5 24.h4 g6 25.Bb2 d4 26.Nf3 Qc7 27.Nxd4 Ned5 28.Nf3 Ng4 29.Rc1 Qe7
30.Rxc8 Rxc8 31.Qd3 Nb4 32.Qe4 Qxe4 33.Nxe4 Nd3 34.Nh2 Nxh2 35.Nf6+ Kg7  0-1

[Event "Continental Class Ch"]
[Site "Arlington USA"]
[Date "2010.10.07"]
[Round "1"]
[White "Aaron,D"]
[Black "Shabalov,A"]
[Result "0-1"]
[WhiteElo "2177"]
[BlackElo "2589"]

1.e4 c5 2.Nf3 d6 3.d4 cxd4 4.Nxd4 Nf6 5.Nc3 a6 6.Bc4 g6 7.f3 Bg7 8.Be3 b5
9.Bb3 Bb7 10.Qd2 h5 11.O-O-O Nbd7 12.Kb1 Rc8 13.Rhe1 O-O 14.Bh6 Rc5 15.g4 hxg4
16.Rg1 Ne5 17.Bxg7 Kxg7 18.f4 Nc4 19.Bxc4 bxc4 20.Qe2 Qc7 21.f5 Re5 22.Rxg4 Nxg4
23.Qxg4 Qc8 24.Rg1 Rh8 25.Qf4 Rh6 26.Rf1 f6 27.Rg1 Qc5 28.Rd1 g5 29.Qf3 Rh4
30.Ne6+ Rxe6 31.fxe6 Qe5 32.Nd5 Rxh2 33.Qa3 Qxe4 34.Nb4 Rh1 35.Rxh1 Qxh1+  0-1

[Event "Continental Class Ch"]
[Site "Arlington USA"]
[Date "2010.10.08"]
[Round "2"]
[White "Shabalov,A"]
[Black "Sarkar,J"]
[Result "1-0"]
[WhiteElo "2589"]
[BlackElo "2389"]

1.d4 d5 2.c4 c6 3.Nc3 dxc4 4.e3 b5 5.a4 b4 6.Ne4 Qd5 7.Ng3 Nf6 8.Be2 h5 9.e4 Nxe4
10.Bf3 Bf5 11.Nh3 h4 12.Bxe4 Bxe4 13.Nf4 hxg3 14.Nxd5 gxf2+ 15.Kxf2 cxd5
16.Re1  1-0

[Event "Continental Class Ch"]
[Site "Arlington USA"]
[Date "2010.10.09"]
[Round "4"]
[White "Shabalov,A"]
[Black "Kaufman,La"]
[Result "1/2-1/2"]
[WhiteElo "2589"]
[BlackElo "2413"]

1.e4 e5 2.Nf3 Nc6 3.Bb5 a6 4.Ba4 Nf6 5.O-O Be7 6.Re1 b5 7.Bb3 d6 8.c3 O-O
9.h3 Nb8 10.d4 Nbd7 11.c4 c6 12.Nc3 b4 13.Na4 c5 14.dxc5 dxc5 15.Bc2 Qc7
16.b3 Nb8 17.Qe2 Nc6 18.Be3 Nd7 19.Rad1 Nd4 20.Nxd4 cxd4  1/2-1/2

[Event "Continental Class Ch"]
[Site "Arlington USA"]
[Date "2010.10.10"]
[Round "6"]
[White "Shabalov,A"]
[Black "Ostrovskiy,Al"]
[Result "1-0"]
[WhiteElo "2589"]
[BlackElo "2243"]

1.e4 c6 2.d4 d5 3.e5 c5 4.dxc5 e6 5.a3 a5 6.Qg4 h5 7.Qf4 Bxc5 8.Bd3 Nc6 9.Nf3 f6
10.Qg3 Kf8 11.exf6 Qxf6 12.Nh4 Nge7 13.O-O e5 14.Nc3 Bg4 15.h3 g5 16.Ng6+ Nxg6
17.Nxd5 Qd6 18.Bxg6 Be2 19.Be4 Bxf1 20.Kxf1 g4 21.Bg5 Kg8 22.Rd1 Qf8 23.Nf6+ Kg7
24.Rd7+  1-0

[Event "National Chess Congress"]
[Site "Philadelphia USA"]
[Date "2010.11.26"]
[Round "1"]
[White "Shabalov,A"]
[Black "Reichstein,B"]
[Result "1-0"]
[WhiteElo "2591"]
[BlackElo "2149"]

1.e4 e5 2.Nf3 Nc6 3.Bb5 a6 4.Ba4 Nf6 5.O-O Be7 6.Re1 b5 7.Bb3 O-O 8.d4 d6
9.c3 Bg4 10.Be3 Na5 11.Bc2 Nc4 12.Bc1 Nd7 13.b3 Ncb6 14.h3 Bh5 15.Nbd2 c5
16.g4 Bg6 17.d5 b4 18.Nf1 bxc3 19.Ng3 h6 20.Kh2 Nf6 21.Re3 Nbxd5 22.exd5 Bxc2
23.Qxc2 Nxd5 24.Re1 Qa5 25.Nf5 Bf6 26.Nxd6 Nb4 27.Qe4 Qc7 28.Nf5 Rad8 29.g5 hxg5
30.Bxg5 Qb6 31.Rg1  1-0